000 00462pab a2200181 454500
008 180718b2010 xxu||||| |||| 00| 0 eng d
100 _aKaur, Roop Kamal
245 _aDowry deaths and patriarchy in Punjab
260 _c2010
300 _ap.52-54.
362 _aOct-Dec
650 _aDowry - India - Punjab
650 _aSocial problems - India - Punjab
650 _aSocial problems
773 _aIndian Police Journal
908 _aN
909 _a92943
999 _c92943
_d92943